The wild bunch /

Outlaws on the U.S.-Mexican border face the march of progress, the Mexican army and a gang of bounty hunters led by a former member as they plan to rob a U.S. Army train.

Bibliographic Details
Uniform Title:Wild bunch (Motion picture)
Other Authors: Holden, William, 1918-1981 (Actor), Borgnine, Ernest, 1917-2012 (Actor), Ryan, Robert, 1909-1973 (Actor)
Format: Video
Language:English
Published: [Burbank, CA] : Warner Bros., [2015?]
Subjects:
Online Access:Connect to this streaming video (Swank Digital Campus)

MARC

Tag First Indicator Second Indicator Subfields
LEADER 00000cgm a2200000 a 4500
001 in00004764607
006 m o c
007 cr |||||||||||
007 vz u|||z|
008 150929p20151969cau145 e o vleng d
005 20240111162608.7
035 |a (OCoLC)ocn922535605 
040 |a MOSMP  |b eng  |c MOSMP  |d OCLCO  |d OCLCF  |d OCLCO  |d MOSMP  |d OCLCA  |d OCL  |d OCLCO  |d OCLCQ  |d OCLCO  |d OCLCA  |d OCL  |d OCLCO  |d OCLCQ  |d OCLCO  |d OCLCL 
035 |a (OCoLC)922535605 
043 |a n-us---  |a n-mx--- 
046 |k 1969 
050 4 |a PN1997 
049 |a TXAM 
130 0 |a Wild bunch (Motion picture) 
245 1 4 |a The wild bunch /  |c directed by Sam Peckinpah. 
264 1 |a [Burbank, CA] :  |b Warner Bros.,  |c [2015?] 
300 |a 1 online resource (2 video files (approximately 145 min.)) :  |b sound, color 
336 |a two-dimensional moving image  |b tdi  |2 rdacontent 
337 |a computer  |b c  |2 rdamedia 
338 |a online resource  |b cr  |2 rdacarrier 
380 |a Motion picture. 
511 1 |a William Holden, Ernest Borgnine, Robert Ryan, Edmond O'Brien, Warren Oates, Jaime Sanchez, Ben Johnson, Emilio Fernandez, Strother Martin, L.Q. Jones. 
521 8 |a MPAA rating: R. 
500 |a Originally released as a motion picture in 1969. 
500 |a Widescreen. 
520 |a Outlaws on the U.S.-Mexican border face the march of progress, the Mexican army and a gang of bounty hunters led by a former member as they plan to rob a U.S. Army train. 
588 0 |a Vendor-supplied metadata. 
600 1 0 |a Peckinpah, Sam,  |d 1925-1984. 
600 1 7 |a Peckinpah, Sam,  |d 1925-1984.  |2 fast  |0 (OCoLC)fst00032403 
651 0 |a United States  |x Boundaries  |z Mexico  |v Drama. 
650 0 |a Train robberies  |z United States  |v Drama. 
650 0 |a Train robberies  |z West (U.S.)  |y 20th century  |v Drama. 
650 0 |a Gangs  |z West (U.S.)  |y 20th century  |v Drama. 
650 0 |a Betrayal  |v Drama. 
650 0 |a Outlaws  |z West (U.S.)  |y 20th century  |v Drama. 
650 7 |a Betrayal.  |2 fast  |0 (OCoLC)fst00830942 
650 7 |a Boundaries.  |2 fast  |0 (OCoLC)fst00837076 
650 7 |a Gangs.  |2 fast  |0 (OCoLC)fst00937695 
650 7 |a Outlaws.  |2 fast  |0 (OCoLC)fst01049233 
650 7 |a Train robberies.  |2 fast  |0 (OCoLC)fst01154442 
651 7 |a Mexico.  |2 fast  |0 (OCoLC)fst01211700 
651 7 |a United States.  |2 fast  |0 (OCoLC)fst01204155 
651 7 |a West United States.  |2 fast  |0 (OCoLC)fst01243255 
648 7 |a 1900-1999  |2 fast 
655 7 |a Biographies.  |2 fast  |0 (OCoLC)fst01919896 
655 7 |a Drama.  |2 fast  |0 (OCoLC)fst01423879 
655 7 |a Feature films.  |2 fast  |0 (OCoLC)fst01710384 
655 7 |a Western films.  |2 fast  |0 (OCoLC)fst01710347 
655 7 |a Feature films.  |2 lcgft 
655 7 |a Western films.  |2 lcgft 
655 7 |a Westerns.  |2 rvmgf 
700 1 |a Peckinpah, Sam,  |d 1925-1984,  |e film director. 
700 1 |a Holden, William,  |d 1918-1981,  |e actor. 
700 1 |a Borgnine, Ernest,  |d 1917-2012,  |e actor. 
700 1 |a Ryan, Robert,  |d 1909-1973,  |e actor. 
710 2 |a Warner Bros,  |e publisher. 
856 4 0 |u http://proxy.library.tamu.edu/login?url=https://digitalcampus.swankmp.net/tamu324081/play/49B88934A9FCEE0C  |z Connect to this streaming video (Swank Digital Campus)  |t 0 
955 |a Swank streaming video subscription 12/21/2023 - 12/31/2024 
994 |a 92  |b TXA 
999 f f |s e734ca0e-e3cf-4f00-a992-9dfed5afc352  |i 9fbc886d-76f2-4cb6-a283-6856c4d048a0  |t 0 
952 f f |a Texas A&M University  |b College Station  |c Electronic Resources  |d Available Online  |t 0  |e PN1997   |h Library of Congress classification 
998 f f |a PN1997   |t 0  |l Available Online